000 00356nab a22001097u 4500
008 130520b1989 xxu||||| |||| 00| 0 spa d
041 _aspa
100 1 _aCharentenay, Pierre de
_916983
245 0 0 _aLiberación y revolución cristiana del Tercer Mundo
_cPierre de Charentenay
773 0 _tConcilium
_gV.1,1989,págs.161-169
_x0210-1041
_wRev134
942 _cAR
999 _c355444
_d355444